Music Quiz

Random Music or Singers Quiz

The Hits of Justin Bieber Quiz Stats

 Plays Quiz not verified by Sporcle

Challenge
Share
Tweet
Embed
Score 0/68 Timer 10:00
0 Plays Today
Year (Highest Chart Position) Title % Correct
2010 (UK3 / US5)Baby
94.5%
2010 (UK11 / US20)One Time
81.5%
2010 (UK34 / US8)Never Say Never
81.5%
2012 (UK16 / US13)Beauty and a Beat
79.5%
2016 (UK1)Cold Water
79.1%
2015 (UK1 / US2)Sorry
78.1%
2015 (UK3 / US8)Where Are U Now
76.7%
2010 (UK33 / US15)Somebody to Love
75.3%
2015 (UK1 / US4)What Do You Mean
74.7%
2012 (UK22 / US6)As Long As You Love Me
74%
2015 (UK1 / US3)Love Yourself
74%
2013 (US98)As Long As You Love Me (Acoustic)
74%
2012 (UK2 / US53)Boyfriend
67.1%
2015 (UK34 / US31)The Feeling
66.4%
2010 (UK9 / US15)Eenie Meenie
65.1%
2013 (UK33 / US69)Confident
65.1%
2009 (UK62 / US16)One Less Lonely Girl
63%
2015 (UK41 / US43)Purpose
61.6%
2012 (UK30 / US22)All Around the World
60.3%
2015 (UK50 / US54)No Sense
59.6%
2011 (US86)All I Want For Christmas
58.9%
2013 (UK2 / US17)Thatpower
58.2%
2015 (UK38 / US49)No Pressure
57.5%
2015 (UK25 / US53)Company
56.8%
2013 (UK56 / US19)Lolly
56.2%
2011 (UK14 / US26)Next 2 You
55.5%
2015 (UK74 / US88)We Are
53.4%
2011 (UK21 / US11)Mistletoe
52.1%
2010 (UK71 / US86)Love Me
51.4%
2015 (UK15 / US19)I'll Show You
50.7%
2013 (UK20 / US24)All That Matters
50%
2015 (UK44 / US74)Children
49.3%
2012 (US95)Right Here
49.3%
2015 (UK33 / US42)Mark My Words
48.6%
Year (Highest Chart Position) Title % Correct
2015 (UK61 / US67)Life Is Worth Living
47.9%
2009 (US99)First Dance
47.9%
2009 (UK76 / US73)Favorite Girl
46.6%
2010 (UK98 / US27)U Smile
46.6%
2011 (US61)Pray
45.9%
2010 (US92)That Should Be Me
44.5%
2013 (UK30 / US54)PYD
43.2%
2012 (UK7 / US21)Live My Life
41.8%
2009 (US94)Bigger
41.8%
2009 (US79)Down To Earth
40.4%
2010 (UK84 / US21)Never Let You Go
39.7%
2012 (UK68 / US87)Beautiful
39.7%
2013 (UK14 / US13)Heartbreaker
39.7%
2013 (UK37)Rollercoaster
36.3%
2013 (UK41 / US68)Wait For A Minute
34.2%
2012 (US86)Drummer Boy
32.2%
2011 (US74)Born To Be Somebody
30.8%
2012 (UK34 / US17)Die In Your Arms
30.1%
2013 (UK31 / US53)Bad Day
28.1%
2012 (UK39 / US60)Turn to You
27.4%
2015 (UK63 / US81)Been You
26.7%
2015 (UK88 / US98)Trust
26.7%
2013 (UK34 / US50)All Bad
26%
2014 (UK100)Gas Pedal
26%
2011 (UK91 / US58)The Christmas Song (Chestnuts Roasting on an Open Fire)
25.3%
2015 (UK91)All In It
25.3%
2013 (UK28 / US29)Hold Tight
24%
2010 (UK50 / US2)We Are The World 25 for Haiti
24%
2013 (UK68 / US59)Nothing Like Us
23.3%
2013 (US59)Nothing Like Us
23.3%
2013 (UK28 / US41)Recovery
22.6%
2010 (UK89)Wavin' Flag
20.5%
2013 (UK39 / US59)Change Me
18.5%
2015 (UK77 / US90)Get Used To Me
8.9%

You're not logged in!

Compare scores with friends on all Sporcle quizzes.
Join for Free
OR
Log In

You Might Also Like...

Show Comments

Extras

Top Quizzes Today


Score Distribution

Your Account Isn't Verified!

In order to create a playlist on Sporcle, you need to verify the email address you used during registration. Go to your Sporcle Settings to finish the process.

Report this User

Report this user for behavior that violates our Community Guidelines.

Details: